Statistiken für Größten Städte Österreichs

Klicken Sie hier um das Quiz zu spielen!

Allgemein

  • Dieses Quiz wurde 40 mal gespielt
  • Das Durchschnittsergebnis liegt bei 25 aus 87

Antwortstatistiken

PlatzStadtEinwohnerzahlBundesland% Korrekt
1Wien1.982.907Wien
100%
4Salzburg156.619Salzburg
97%
2Graz298.479Steiermark
95%
5Innsbruck131.358Tirol
92%
3Linz210.118
92%
6Klagenfurt104.332Kärnten
82%
14Bregenz29.620Vorarlberg
71%
9St.Pölten57.389
66%
7Villach65.135Kärnten
63%
10Dornbirn51.222Vorarlberg
55%
11Wiener Neustadt47.878
55%
13Feldkirch35.793Vorarlberg
47%
38Eisenstadt15.729Burgenland
45%
8Wels64.385
45%
18Wolfsberg25.133Kärnten
45%
28Kufstein19.930Tirol
37%
23Lustenau23.843Vorarlberg
34%
17Baden26.017
32%
40Bludenz15.029Vorarlberg
32%
45Hall14.418Tirol
32%
12Steyr37.917
32%
22Amstetten23.902
29%
31Braunau17.572
29%
44Feldkirchen14.434Kärnten
29%
20Krems24.876
29%
27Mödling20.630
29%
87Zell am See10.213Salzburg
29%
25Hallein21.523Salzburg
26%
21Leoben25.140Steiermark
26%
15Leonding29.129
26%
69Lienz11.990Tirol
26%
19Traun25.006
26%
73Deutschlandsberg11.721Steiermark
24%
82Imst11.135Tirol
24%
16Klosterneuburg28.107
24%
54Leibnitz13.014Steiermark
24%
36Telfs16.271Tirol
24%
35Tulln16.932
24%
85Bischofshofen10.658Salzburg
21%
37Bruck an der Mur15.970Steiermark
21%
53Gmunden13.360
21%
50Hard13.786Vorarlberg
21%
32Hohenems17.239Vorarlberg
21%
61Hollabrunn12.262
21%
24Kapfenberg22.182Steiermark
21%
49Schwaz14.211Tirol
21%
26Schwechat21.166
21%
29Traiskirchen19.150
21%
83Völkermarkt10.977Kärnten
21%
46Wörgl14.403Tirol
21%
84Zwettl10.702
21%
48Bad Ischl14.228
18%
52Feldbach13.421Steiermark
18%
68Götzis12.041Vorarlberg
18%
51Korneuburg13.697
18%
33Saalfelden17.123Salzburg
18%
39Spittal an der Drau15.270Kärnten
18%
58Vöcklabruck12.769
18%
79Waidhofen an der Ybbs11.126
18%
71Weiz11.952Steiermark
18%
64Enns12.176
16%
78Gleisdorf11.362Steiermark
16%
56Knittelfeld12.781Steiermark
16%
43Marchtrenk14.603
16%
74Mistelbach12.205
16%
55Neunkirchen12.814
16%
65Rankweil12.150Vorarlberg
16%
59Ried im Innkreis12.482
16%
77St.Johann im Pongau11.452Salzburg
16%
42Ternitz14.693
16%
30Ansfelden18.145
13%
67Gänserndorf12.012
13%
86Lauterach10.433Vorarlberg
13%
66Seiersberg12.112Steiermark
13%
34Stockerau16.974
13%
62St.Veit an der Glan12.255Kärnten
13%
72Gerasdorf11.871
11%
57Gratwein12.770Steiermark
11%
70Groß-Enzersdorf12.043
11%
41Perchtoldsdorf14.976
11%
80Seekirchen11.233Salzburg
11%
76Strasshof11.786
11%
60Bad Vöslau12.396
8%
63Brunn am Gebirge12.218
8%
47Wals-Siezenheim14.246Salzburg
8%
75Ebreichsdorf11.860
5%
81Trofaiach11.003Steiermark
5%

Verteilung der Resultate

Perzentil nach korrekt beantworteten Fragen

Anzahl Personen mit jedem Resultat

Ihre Resultats-Entwicklung

Sie haben dieses Quiz noch nicht gespielt